000 00748cam a2200217 i 4500
005 20260107114824.0
008 250721s2003 ua gr 000 0 ara d
082 1 4 _a219.5
_bش ا ه
100 1 _aشاهين، عاطف صابر
_eمؤلف.
245 1 0 _aرجال ونساء حول الرسول /
_cتأليف الشيخ عاطف صابر شاهين.
250 _aالطبعة الاولى.
264 3 1 _aالمنصورة :
_bدار الغد الجديد،
_c2003.
300 _a408 صفحة.
650 1 7 _aالصحابة
650 1 7 _aالسيرة النبوية.
650 1 7 _aمحمد صلى الله عليه وسلم.
650 1 7 _aالنساء.
650 1 7 _aالرجال.
942 _2ddc
_cBK
999 _c93814
_d93814